Normal view MARC view
  • Hitler's war on russia

Entry Topical Term

Number of records used in: 1

001 - CONTROL NUMBER

  • control field: 108583

003 - CONTROL NUMBER IDENTIFIER

  • control field: NUST

005 - DATE AND TIME OF LATEST TRANSACTION

  • control field: 20230203091455.0

008 - FIXED-LENGTH DATA ELEMENTS

  • fixed length control field: 230203|| aca||aabn | a|a d

040 ## - CATALOGING SOURCE

  • Original cataloging agency: NUST
  • Transcribing agency: NUST

150 ## - HEADING--TOPICAL TERM

  • Topical term or geographic name entry element: Hitler's war on russia

670 ## - SOURCE DATA FOUND

  • Source citation: Work cat.: (NUST)187285: Carell, Paul. 18975, Hitler’s war on Russia; , 1964
© 2023 Central Library, National University of Sciences and Technology. All Rights Reserved.